00594nam a2200181Ia 4500008004100000020001600041041001200057082001600069100002000085245005700105250000800162260002500170300000800195650001600203942000700219999001500226952017100241221030s9999 xx 000 0 und d a81203066678 aEnglish a105.23bTan aA. S. Tanenbaum 0aStructured Computer Organizationcby A. S. Tanenbaum a3rd bPHIaNew Delhic1994 a587 aBE Computer cBK c6482d6482 pBE 984g125.00l0o105.23 Tanr2024-06-13 00:00:00w2022-10-30yBK003Print4070aMIETLIBbMIETLIBcBL-Academic Block B, FL-1, CUP-105, SH-2, R-2d2000-02-0810HBE